000 00642cam a22002293a 4500
001 24334
003 PGUSA
005 20140828083523.0
008 080117s2008||||xxu|||||s|||||000 p eng d
040 _aPGUSA
_beng
042 _adc
050 4 _aPR
100 1 _aDobson, Austin,
_d1840-1921
245 1 0 _aCollected Poems :
_bIn Two Volumes, Vol. II
_h[electronic resource] /
_cAustin Dobson
260 _bProject Gutenberg,
_c2008
506 _aPublic domain in the USA.
516 _aElectronic text
653 _aEnglish poetry
830 0 _aProject Gutenberg
_v24334
856 4 0 _uhttp://www.gutenberg.org/ebooks/24334
942 _cEB
999 _c253589
_d253589